Postoj investora k riziku a eliminácia rizika investičných projektov
Hodnotenie rizika investičných projektov z pohľadu užitočnosti investora, ktoré je vyjadrené Neumann-Morgensternovou funkciou úžitku. Týmto je možné vysvetliť správanie riziko vyhľadávajúceho investora, riziko averzného investora a investora indiferentného voči riziku. Možné spôsoby eliminácie rizik...
Guardado en:
| Autor principal: | |
|---|---|
| Formato: | Capítulo de libro |
| Lenguaje: | eslovaco |
| Materias: | |
| Etiquetas: |
Sin Etiquetas, Sea el primero en etiquetar este registro!
|
MARC
| LEADER | 00000nla a2200000 4500 | ||
|---|---|---|---|
| 001 | 0208357 | ||
| 005 | 20240417075101.7 | ||
| 041 | 0 | |a slo | |
| 044 | |a SK | ||
| 245 | 1 | 0 | |a Postoj investora k riziku a eliminácia rizika investičných projektov |c Monika Hotáková |
| 520 | |a Hodnotenie rizika investičných projektov z pohľadu užitočnosti investora, ktoré je vyjadrené Neumann-Morgensternovou funkciou úžitku. Týmto je možné vysvetliť správanie riziko vyhľadávajúceho investora, riziko averzného investora a investora indiferentného voči riziku. Možné spôsoby eliminácie rizika a to diverzifikáciu rizika, jeho poistenie a informácie znižujúce riziko. | ||
| 610 | 2 | 0 | |a riziko |
| 610 | 2 | 0 | |a stratégia investičná |
| 610 | 2 | 0 | |a investovanie |
| 610 | 2 | 0 | |a projekty investičné |
| 100 | 1 | |a Hotáková, Monika | |